| 000 | 01096nam a2200217 a 4500 | ||
|---|---|---|---|
| 001 | 001144391 | ||
| 003 | AM-YeHGA | ||
| 005 | 20250618074527.0 | ||
| 008 | 160427s2016 ai r 000 0 arm d | ||
| 020 | _a9789939863290 | ||
| 040 | _aAM-YeHGA | ||
| 041 | 0 | _aarm | |
| 245 | 0 | 0 |
_a101 աղոթք հիշատակի : _bԲանաստեղծություններ (նվիրված Հայոց ցեղասպանության զոհերի հիշատակին) / _cԿազմ. և խմբ.՝ Ա. Ավանեսյան. |
| 260 |
_aԵրևան : _bԱրմավ, _c2016. |
||
| 300 |
_a144 էջ : _bնկ. ; _c24 սմ. |
||
| 500 | _aՏպ. է Յովսէփ և Գարոլին Նալպանտեանների մեկենասությամբ | ||
| 520 | _aԳրքում հավաքված են 101 հայ գրողների մեկական բանաստեղծություն՝ նվիրված հայոց ցեղացպանության անմեղ զոհերի հիշատակին, եղեռնի 101-րդ տարվա առիթով: | ||
| 650 | 1 | 4 | _aՀայ պոեզիա |
| 700 | 1 |
_aԱվանեսյան, Արմեն _eխմբ. _4edt _98844 |
|
| 090 | _c368757 | ||
| 999 |
_c366890 _d366890 |
||